Pin Pin Serafín: texto de estimulación de funciones básicas para niños entre tres y medio y cinco años
Gespeichert in:
| 1. Verfasser: | |
|---|---|
| Format: | Buch |
| Erschienen: |
Santiago
Andrés Bello. Ed. Antártica
1981
|
| Ausgabe: | 8ª ed. |
| Katalog: | MANES: Suchergebnis im Bibliothekskatalog |
| Schulbuchspezifische Eigenschaften: |
|
| Tags: |
Tag hinzufügen
Keine Tags, Fügen Sie den ersten Tag hinzu!
|
| Hinzugefügt zu: | 29.11.1999 |
| Geändert in: | 25.04.2025 |
MARC
| LEADER | 00000nam a22000007a 4500 | ||
|---|---|---|---|
| 005 | 20250425101429.0 | ||
| 008 | spa | ||
| 040 | |a MGM | ||
| 100 | |9 21658 |a Milicic, Neva y otros | ||
| 245 | |a Pin Pin Serafín: texto de estimulación de funciones básicas para niños entre tres y medio y cinco años | ||
| 250 | |a 8ª ed. | ||
| 260 | |a Santiago |b Andrés Bello. Ed. Antártica |c 1981 | ||
| 300 | |a 124 p. | ||
| 500 | |a Contiene Ilustraciones | ||
| 546 | |a Chile | ||
| 561 | |5 cl-MGM |3 T 372.21 M637p |a Chile. Museo Gabriela Mistral |k MANES | ||
| 690 | 0 | |a MATE | |
| 690 | |a EA |a EyL | ||
| 691 | |a IN | ||
| 942 | |2 ddc |c BK | ||
| 999 | |c 49752 |d 49752 | ||
| 999 | |c manes:49752 |d 49752 | ||